Guía breve de terapia breve

Uloženo v:
Podrobná bibliografie
Hlavní autoři: Cade, Brian (Autor), O'Hanlon, William Hudson (Autor)
Médium: Kniha
Jazyk:španělština
Vydáno: Barcelona Paidós 1995
Edice:Terapia Familiar, 63
Témata:
Tagy: Přidat tag
Žádné tagy, Buďte první, kdo vytvoří štítek k tomuto záznamu!

MARC

LEADER 00000nam a2200000 a 4500
001 UCT5701
003 CL-VaPUC
008 961216e19950000SP |||||||||||||||||spa|d
082 0 4 |a 615.8  |b CAD  |2 21 
100 0 |a Cade, Brian  |e author  |9 375318 
700 |a O'Hanlon, William Hudson  |e author  |9 375319 
245 1 0 |a Guía breve de terapia breve 
300 |a 209 p 
942 |c BK 
945 |d 19961216 00:00:00  |a rleighto 
260 |a Barcelona  |b Paidós  |c 1995 
650 7 |a TERAPIAS  |2 CL-VaPUC  |9 373443 
650 7 |a TERAPEUTICA  |2 CL-VaPUC  |9 310014 
650 7 |a TERAPIA BREVE  |2 CL-VaPUC  |9 375320 
650 7 |a TECNICAS  |2 CL-VaPUC  |9 315860 
650 7 |a PSICOTERAPIA  |2 CL-VaPUC  |9 375321 
650 0 |a Psicología   |9 257863 
583 |a last modification  |c 19961216 00:00:00  |k Rodrigo Vera 
490 0 |a Terapia Familiar, 63 
999 |c 254574  |d 254572 
952 |0 0  |1 0  |4 0  |6 615_800000000000000_CAD_1995  |7 0  |8 A  |9 276342  |a BIBEDU  |b BIBEDU  |d 2019-11-19  |i 326047K  |o 615.8 CAD 1995  |p 326047K  |r 2019-11-19  |w 2019-11-19  |y BK  |k PSI